|
|
|
|
| LEADER |
01311nam a2200361Ia 4500 |
| 001 |
EBC476364 |
| 003 |
MiAaPQ |
| 005 |
20200520144314.0 |
| 006 |
m o d | |
| 007 |
cr cn||||||||| |
| 008 |
090507s2009 vtu sb 001 0 eng d |
| 010 |
|
|
|z 2009016188
|
| 020 |
|
|
|z 9780566088483 (pbk. : alk. paper)
|
| 035 |
|
|
|a (MiAaPQ)EBC476364
|
| 035 |
|
|
|a (Au-PeEL)EBL476364
|
| 035 |
|
|
|a (CaPaEBR)ebr10331430
|
| 035 |
|
|
|a (CaONFJC)MIL229505
|
| 035 |
|
|
|a (OCoLC)464210589
|
| 040 |
|
|
|a MiAaPQ
|c MiAaPQ
|d MiAaPQ
|
| 050 |
|
4 |
|a HD61
|b .H337 2009
|
| 100 |
1 |
|
|a Harris, Elaine.
|
| 245 |
1 |
0 |
|a Strategic project risk appraisal and management
|h [electronic resource] /
|c Elaine Harris.
|
| 260 |
|
|
|a Burlington, VT :
|b Ashgate Pub.,
|c c2009.
|
| 300 |
|
|
|a xiv, 108 p.
|
| 490 |
1 |
|
|a Advances in project management
|
| 504 |
|
|
|a Includes bibliographical references and index.
|
| 533 |
|
|
|a Electronic reproduction. Ann Arbor, MI : ProQuest, 2015. Available via World Wide Web. Access may be limited to ProQuest affiliated libraries.
|
| 650 |
|
0 |
|a Risk management.
|
| 650 |
|
0 |
|a Project management.
|
| 655 |
|
4 |
|a Electronic books.
|
| 710 |
2 |
|
|a ProQuest (Firm)
|
| 830 |
|
0 |
|a Advances in project management.
|
| 856 |
4 |
0 |
|u https://ebookcentral.proquest.com/lib/matrademy/detail.action?docID=476364
|z Click to View
|